书目信息 |
| 题名: |
怎样快写钢笔字
|
|
| 作者: | 黄若舟 编写 | |
| 分册: | ||
| 出版信息: | 上海 上海书画出版社 1978 |
|
| 页数: | 60页 | |
| 开本: | 19cm | |
| 丛书名: | ||
| 单 册: | ||
| 中图分类: | J292.12 | |
| 科图分类: | ||
| 主题词: | 钢笔字-书法--中国 , 书法-钢笔字--中国 | |
| 电子资源: | ||
| ISBN: | ||
| 000 | 00660nam0 2200241 45 | |
| 001 | 0178000810 | |
| 005 | 20060516153013.96 | |
| 010 | @dCNY0.18 | |
| 091 | @a7172.70 | |
| 100 | @a19950908d1978 em y0chiy0121 ea | |
| 101 | 0 | @achi |
| 102 | @aCN@b310000 | |
| 105 | @ay z 000yy | |
| 200 | 10 | @a怎样快写钢笔字@Azen yang kuai xie gang bi zi@f黄若舟编写@Fhuang ruo zhou bian xie |
| 205 | @a修订本 | |
| 210 | @a上海@c上海书画出版社@d1978 | |
| 215 | @a60页@d19cm | |
| 606 | @a钢笔字-书法@y中国 | |
| 606 | @a书法-钢笔字@y中国 | |
| 690 | @aJ292.12@v3 | |
| 701 | 0 | @a黄若舟@Ahuang ruo zhou@4编写 |
| 801 | 0 | @aCN@bTSSF@c20060516 |
| 905 | @a10447@dJ292.12@e19=2 | |
| 怎样快写钢笔字/黄若舟编写.-修订本.-上海:上海书画出版社,1978 |
| 60页;19cm |
| ISBN :CNY0.18 |
| ● |
| 相关链接 |
|
|
|
|
正题名:怎样快写钢笔字
索取号:J292.12/19=2
 
预约/预借
| 序号 | 登录号 | 条形码 | 馆藏地/架位号 | 状态 | 备注 |
| 1 | 0029114 | 202354102 | 密集书库/ [索取号:J292.12/19=2] | 在馆 | |
| 2 | 0029115 | 202354013 | 密集书库/ [索取号:J292.12/19=2] | 在馆 | |
| 3 | 0065059 | 202354111 | 密集书库/ [索取号:J292.12/19=2] | 在馆 |